| 000 | 01427nam a22002297a 4500 | ||
|---|---|---|---|
| 005 | 20250710161647.0 | ||
| 008 | 250710e20250710xxk|||||o|||| 00| 0 eng d | ||
| 041 | _aeng | ||
| 110 | _aRoyal Institution of Chartered Surveyors | ||
| 245 |
_aRICS Practice Alert - fire safety _h[Email update] |
||
| 260 |
_aLondon, _bRoyal Institution of Chartered Surveyors, _c10 July 2025 |
||
| 300 | _aemail | ||
| 490 | _aRICS Practice Alert | ||
| 520 | _aThe purpose of this alert is to remind members of their legal, professional and regulatory obligations when providing fire and building safety services in all cases, and to warn of specific risks relating to individuals acting outside their competence or having their credentials misused by others. To gather more accurate data, RICS requires all members currently involved in carrying out fire safety and building safety work, or who have been involved in carrying out EWS1 inspections and reports in the past, to respond to a regulatory return by 8 August 2025 (link to form included in the email / practice update) | ||
| 650 | _aFIRE SAFETY | ||
| 650 | _aSURVEYING PROFESSION | ||
| 651 | _aUnited Kingdom | ||
| 690 |
_aBuilding control _96222 |
||
| 710 | _aRoyal Institution of Chartered Surveyors | ||
| 856 |
_uhttps://www.rics.org/content/dam/ricsglobal/documents/regulation/RICS-Practice-Alert-fire-safety-July-2025.pdf _zView the online Practice Update |
||
| 942 | _n0 | ||
| 999 |
_c122198 _d122198 |
||